| 000 | 01248nam a22003977a 4500 | ||
|---|---|---|---|
| 003 | OSt | ||
| 005 | 20220107122857.0 | ||
| 008 | 191221b xxu||||| |||| 00| 0 eng d | ||
| 020 | _a9781484244593 | ||
| 040 | _cIIITMK | ||
| 082 | _a363.25968 RED/P | ||
| 100 |
_aReddy, Niranjan _917345 |
||
| 245 |
_aPractical cyber forensics: _bAn incident based approach to forensic investigations _cNiranjan Reddy |
||
| 260 |
_aNew York, _bApress, _c2019. |
||
| 300 | _axxvi, 488p. | ||
| 650 |
_aCOMPUTER SCIENCE _917635 |
||
| 650 |
_aCYBER SECURITY _917637 |
||
| 650 |
_aCYBER FORENSICS _917638 |
||
| 650 |
_aFORENSIC INVESTIGATIONS _917639 |
||
| 650 |
_aCOMPUTER FORENSICS _917640 |
||
| 650 |
_aCOMPUTER CRIME _917641 |
||
| 650 |
_aWINDOWS FORENSICS _917642 |
||
| 650 |
_aLINUX FORENSICS _917643 |
||
| 650 |
_aMAC OS FORENSICS _917644 |
||
| 650 |
_aNETWORK FORENSICS _917645 |
||
| 650 |
_aMOBILE FORENSICS _917646 |
||
| 650 |
_aCLOUD FORENSICS _917647 |
||
| 650 |
_aMALWARE FORENSICS _917648 |
||
| 650 |
_aWEB FORENSICS _917649 |
||
| 650 |
_aE MAIL FORENSICS _917650 |
||
| 650 |
_aSOLID STATE DEVICE FORENSICS _917651 |
||
| 650 |
_aBITCOIN FORENSICS _917652 |
||
| 650 |
_aCYBER LAW _917653 |
||
| 650 |
_aCYBER WARFARE _917654 |
||
| 942 |
_2ddc _cBK |
||
| 999 |
_c6675 _d6675 |
||